[Event "27th Klatovy B 2019"]
[Site "Klatovy CZE"]
[Date "2019.07.02"]
[Round "4.6"]
[White "Vachal, Josef1"]
[Black "Durchan, Milan 1961"]
[Result "1/2-1/2"]
[WhiteElo "1827"]
[BlackElo "1713"]
[PlyCount "38"]
[EventDate "2019.06.29"]
[EventType "swiss"]
[EventRounds "9"]
[EventCountry "CZE"]

1. e4 c6 2. d4 d5 3. Nc3 dxe4 4. Nxe4 Nf6 5. Nxf6+ gxf6 6. Nf3 Bg4 7. Be2 Qc7 8. Nh4 Bxe2 9. Qxe2 Nd7 10. Bd2 e6 11. O-O-O O-O-O 12. Rhe1 Bd6 13. g3 f5 14. Bc3 Rhg8 15. Kb1 Nf6 16. f3 Nd5 17. Bd2 Ne7 18. c4 Ng6 19. Ng2 Qe7 1/2-1/2

[Event "27th Klatovy B 2019"]
[Site "Klatovy CZE"]
[Date "2019.07.02"]
[Round "4.7"]
[White "Flajsman, Petr"]
[Black "Sova, Zdenek"]
[Result "1-0"]
[WhiteElo "1799"]
[BlackElo "1687"]
[PlyCount "75"]
[EventDate "2019.06.29"]
[EventType "swiss"]
[EventRounds "9"]
[EventCountry "CZE"]

1. d4 Nf6 2. Nf3 d5 3. Bf4 e6 4. e3 Bd6 5. Bd3 h6 6. Nbd2 Nbd7 7. O-O Bxf4 8. exf4 Nh5 9. g3 Nhf6 10. Ne5 O-O 11. c3 c5 12. Ndf3 Qc7 13. g4 c4 14. Bb1 Ne4 15. Ne1 f5 16. f3 Nd6 17. Qe2 Qd8 18. Ng2 Qf6 19. h4 g5 20. hxg5 hxg5 21. Qd2 Nf7 22. Nxf7 Rxf7 23. fxg5 Qg7 24. gxf5 exf5 25. f4 b5 26. Re1 Nb6 27. Bc2 Bb7 28. Nh4 Bc8 29. Re5 Qf8 30. Qe2 Bd7 31. Re1 Rd8 32. Kg2 Nc8 33. Rh1 Ne7 34. Re1 Rh7 35. Rxe7 Rxh4 36. Qe5 Rh7 37. Rxh7 Kxh7 38. Rh1+ 1-0

[Event "27th Klatovy B 2019"]
[Site "Klatovy CZE"]
[Date "2019.07.02"]
[Round "4.8"]
[White "Chmelik, Ladislav"]
[Black "Vavrinkova, Anna"]
[Result "1/2-1/2"]
[WhiteElo "1771"]
[BlackElo "1550"]
[PlyCount "96"]
[EventDate "2019.06.29"]
[EventType "swiss"]
[EventRounds "9"]
[EventCountry "CZE"]

1. d4 d5 2. Bf4 Nf6 3. Nf3 e6 4. e3 Be7 5. Bd3 Nbd7 6. O-O O-O 7. c4 c6 8. h3 dxc4 9. Bxc4 b5 10. Bb3 a6 11. Nc3 c5 12. dxc5 Nxc5 13. Bc2 Bb7 14. Qe2 Qa5 15. a3 b4 16. axb4 Qxb4 17. Rfd1 Rac8 18. Ne5 Rfd8 19. Rxd8+ Rxd8 20. Nc4 Nd5 21. Be5 f6 22. Bd4 e5 23. Nxd5 Bxd5 24. Bxc5 Bxc5 25. Ra4 Qb7 26. Qd3 e4 27. Qc3 Rc8 28. Na5 Qd7 29. Qd2 Qe6 30. Qxd5 Qxd5 31. Bb3 Qxb3 32. Nxb3 Bd6 33. g3 Be5 34. Rxa6 Bxb2 35. Re6 f5 36. g4 g6 37. gxf5 gxf5 38. Re7 Rf8 39. Kg2 Bf6 40. Rb7 Bh4 41. Nd4 Rf6 42. Rb5 f4 43. Rf5 Rg6+ 44. Kf1 fxe3 45. fxe3 Rg3 46. Rf4 Bg5 47. Rxe4 Rxe3 48. Rg4 Rxh3 1/2-1/2

[Event "27th Klatovy B 2019"]
[Site "Klatovy CZE"]
[Date "2019.07.02"]
[Round "4.9"]
[White "Kalab, Jaromir"]
[Black "Lener, Jaroslav 1975"]
[Result "1/2-1/2"]
[WhiteElo "1577"]
[BlackElo "1754"]
[PlyCount "45"]
[EventDate "2019.06.29"]
[EventType "swiss"]
[EventRounds "9"]
[EventCountry "CZE"]

1. e4 c5 2. a3 Nc6 3. b4 cxb4 4. axb4 Nxb4 5. c3 Nc6 6. d4 d5 7. e5 Bd7 8. f4 h5 9. Nf3 Nh6 10. Bd3 g6 11. O-O e6 12. Nbd2 a6 13. Ng5 Rc8 14. Ndf3 Be7 15. h3 Nf5 16. Qe1 Na5 17. Bxf5 gxf5 18. Qg3 Kf8 19. Qh4 Nb3 20. Rb1 Nxc1 21. Rbxc1 Kg7 22. Qg3 Kf8 23. Qh4 1/2-1/2

[Event "27th Klatovy B 2019"]
[Site "Klatovy CZE"]
[Date "2019.07.02"]
[Round "4.10"]
[White "Dubnicka, Augustin 2000"]
[Black "Vilimek, Vit"]
[Result "1/2-1/2"]
[WhiteElo "1754"]
[BlackElo "1529"]
[PlyCount "147"]
[EventDate "2019.06.29"]
[EventType "swiss"]
[EventRounds "9"]
[EventCountry "CZE"]

1. d4 Nf6 2. c3 g6 3. Nf3 Bg7 4. Bg5 O-O 5. Nbd2 d6 6. e4 h6 7. Bxf6 exf6 8. Bd3 f5 9. O-O fxe4 10. Nxe4 Bg4 11. h3 Be6 12. Qc2 Nc6 13. Rad1 Ne7 14. Rfe1 c6 15. b3 Rc8 16. Re2 Qd7 17. Ng3 Qc7 18. c4 d5 19. c5 Qf4 20. Qd2 Qf6 21. Ne5 Qh4 22. Nf3 Qf6 23. Bc2 Rfe8 24. Rde1 Rcd8 25. a4 Nc8 26. Qc3 Bd7 27. Ne5 Be6 28. b4 a6 29. Bd3 Na7 30. Qb2 Ra8 31. b5 Reb8 32. Qb4 Qd8 33. Nxg6 axb5 34. Nf4 Bd7 35. axb5 cxb5 36. Nxd5 Nc6 37. Qd2 Nxd4 38. Re4 Ne6 39. Nf5 Qg5 40. Qxg5 hxg5 41. Nxg7 Kxg7 42. Nb6 Nxc5 43. Nxa8 Nxe4 44. Bxe4 Rxa8 45. Bxb7 Rb8 46. Bd5 Kf6 47. f3 Be6 48. Bxe6 fxe6 49. Kf2 b4 50. Rb1 b3 51. Rb2 Ke5 52. Ke3 Kd5 53. Kd3 Ke5 54. Ke3 Kf5 55. Kf2 Kf4 56. g3+ Kf5 57. Ke3 Rb4 58. Kd3 Ke5 59. Kc3 Rb8 60. Rxb3 Rxb3+ 61. Kxb3 Kd4 62. h4 gxh4 63. gxh4 Ke5 64. Kc4 Kf4 65. Kd3 Kxf3 66. h5 e5 67. Kd2 Kf2 68. Kd3 Kf3 69. h6 e4+ 70. Kc4 e3 71. h7 e2 72. h8=Q e1=Q 73. Qf6+ Kg2 74. Qg5+ 1/2-1/2

[Event "27th Klatovy B 2019"]
[Site "Klatovy CZE"]
[Date "2019.07.02"]
[Round "4.11"]
[White "Krisman, Ondrej"]
[Black "Schille, Hannes"]
[Result "0-1"]
[WhiteElo "1546"]
[BlackElo "1740"]
[PlyCount "94"]
[EventDate "2019.06.29"]
[EventType "swiss"]
[EventRounds "9"]
[EventCountry "CZE"]

1. e4 c5 2. Nf3 Nc6 3. d4 cxd4 4. Nxd4 e6 5. Nc3 Bb4 6. Ndb5 a6 7. Nd6+ Bxd6 8. Qxd6 Qe7 9. Qd1 h6 10. Be2 Nf6 11. O-O b5 12. a3 Bb7 13. b4 O-O 14. f4 d6 15. Be3 Qc7 16. Bf3 Ne7 17. Qe1 Rac8 18. Bd4 Nd7 19. e5 dxe5 20. Bxb7 Qxb7 21. Bxe5 Nxe5 22. Qxe5 Qb6+ 23. Kh1 Ng6 24. Qe1 Rc4 25. f5 exf5 26. Nd5 Qe6 27. Qxe6 fxe6 28. Ne3 Rc3 29. Rfe1 Kf7 30. g3 Rd8 31. a4 Rd7 32. axb5 axb5 33. Ra5 Rb7 34. Ra6 Ne7 35. Re2 Rc6 36. Rxc6 Nxc6 37. c3 Kf6 38. Nc2 Rd7 39. Na3 Rd5 40. c4 bxc4 41. b5 Nd4 42. Re3 Nxb5 43. Nxb5 Rxb5 44. Rc3 Rb4 45. Kg2 Ke5 46. Re3+ Kd5 47. Rf3 Rb3 0-1

[Event "27th Klatovy B 2019"]
[Site "Klatovy CZE"]
[Date "2019.07.02"]
[Round "4.12"]
[White "Zelba, Lukas"]
[Black "Sedlak, Jakub"]
[Result "1/2-1/2"]
[WhiteElo "1274"]
[BlackElo "1737"]
[PlyCount "45"]
[EventDate "2019.06.29"]
[EventType "swiss"]
[EventRounds "9"]
[EventCountry "CZE"]

1. d4 Nf6 2. Bf4 e6 3. Nf3 b6 4. e3 Bb7 5. Bd3 Be7 6. h3 d5 7. Nbd2 c5 8. c3 h6 9. Ne5 O-O 10. O-O Nbd7 11. Rb1 Rc8 12. Qe2 Nxe5 13. dxe5 Nh7 14. Rfd1 Qc7 15. e4 Bg5 16. exd5 Bxf4 17. Bxh7+ Kxh7 18. Qe4+ Kg8 19. Qxf4 exd5 20. Qg3 Rfe8 21. f4 Rcd8 22. Nf3 d4 23. cxd4 1/2-1/2

[Event "27th Klatovy B 2019"]
[Site "Klatovy CZE"]
[Date "2019.07.02"]
[Round "4.13"]
[White "Kalista, Karel"]
[Black "Stanke, Petr"]
[Result "1/2-1/2"]
[WhiteElo "1736"]
[BlackElo "1463"]
[PlyCount "63"]
[EventDate "2019.06.29"]
[EventType "swiss"]
[EventRounds "9"]
[EventCountry "CZE"]

1. Nf3 d5 2. d4 e6 3. c4 f5 4. Bf4 Nf6 5. e3 Be7 6. Be2 O-O 7. O-O Nbd7 8. Ng5 Nb8 9. Nc3 h6 10. Nf3 Nh5 11. Ne5 Nxf4 12. exf4 c6 13. c5 Bf6 14. b4 Bxe5 15. fxe5 b6 16. b5 bxc5 17. dxc5 Qc7 18. f4 Bd7 19. Qd4 cxb5 20. Nxb5 Bxb5 21. Bxb5 Nc6 22. Bxc6 Qxc6 23. Rab1 Rab8 24. Rb3 Rfc8 25. Rc1 a6 26. h3 Rb5 27. Rxb5 axb5 28. Kh2 Ra8 29. Qb2 Ra4 30. g3 Rc4 31. Rxc4 dxc4 32. Qb4 1/2-1/2

[Event "27th Klatovy B 2019"]
[Site "Klatovy CZE"]
[Date "2019.07.02"]
[Round "4.14"]
[White "Zidu, Jan"]
[Black "Juhanak, Daniel"]
[Result "1-0"]
[WhiteElo "1852"]
[BlackElo "1555"]
[PlyCount "149"]
[EventDate "2019.06.29"]
[EventType "swiss"]
[EventRounds "9"]
[EventCountry "CZE"]

1. Nf3 f5 2. d4 Nf6 3. c4 g6 4. g3 Bg7 5. Bg2 O-O 6. Nc3 d6 7. O-O Qe8 8. e4 fxe4 9. Ng5 Bg4 10. Qb3 Qc6 11. Be3 Qb6 12. Nb5 c5 13. dxc5 dxc5 14. Nxe4 Nxe4 15. Bxe4 Bh3 16. Rfd1 Nd7 17. Bf4 Ne5 18. Rd5 a6 19. Bxe5 Bxe5 20. Rxe5 Qf6 21. Qe3 axb5 22. Bxb7 Rad8 23. Bd5+ e6 24. Bxe6+ Bxe6 25. Rxe6 Qxb2 26. Re1 Rd2 27. Re8 Rdxf2 28. Rxf8+ Rxf8 29. Qxc5 bxc4 30. Qxc4+ Kh8 31. Qc5 Qf6 32. a4 h5 33. a5 Kg8 34. Qb6 Qf3 35. Qxg6+ Kh8 36. Qh6+ Kg8 37. Qe6+ Kh8 38. Qe3 Qf7 39. a6 h4 40. Qh6+ Kg8 41. Qg5+ Kh8 42. Qxh4+ Kg8 43. Qg5+ Kh8 44. Qe5+ Kg8 45. Qe6 Kg7 46. Qxf7+ Rxf7 47. Rb1 Kg6 48. Rb7 Rf6 49. Ra7 Kh6 50. Ra8 Kg7 51. a7 Ra6 52. Kg2 Kh7 53. g4 Ra2+ 54. Kg3 Ra3+ 55. Kh4 Kg7 56. h3 Ra4 57. Kh5 Ra5+ 58. g5 Ra4 59. h4 Kh7 60. g6+ Kg7 61. Kg5 Ra5+ 62. Kf4 Ra4+ 63. Ke5 Ra5+ 64. Kd6 Ra6+ 65. Kc7 Ra1 66. h5 Rc1+ 67. Kd6 Rd1+ 68. Ke5 Re1+ 69. Kf4 Rf1+ 70. Kg3 Rg1+ 71. Kh2 Ra1 72. h6+ Kxh6 73. Rh8+ Kxg6 74. a8=Q Rxa8 75. Rxa8 1-0

[Event "27th Klatovy B 2019"]
[Site "Klatovy CZE"]
[Date "2019.07.02"]
[Round "4.15"]
[White "Kotesovec, Jaroslav"]
[Black "Danek, Vaclav"]
[Result "0-1"]
[WhiteElo "1560"]
[BlackElo "1849"]
[PlyCount "60"]
[EventDate "2019.06.29"]
[EventType "swiss"]
[EventRounds "9"]
[EventCountry "CZE"]

1. e4 e5 2. Nf3 Nc6 3. d4 exd4 4. Nxd4 Bc5 5. Be3 Qf6 6. c3 Nge7 7. Qd2 Qg6 8. Nb5 Bxe3 9. Qxe3 Kd8 10. Nd2 a6 11. Nd4 Nxd4 12. Qxd4 Nc6 13. Qe3 d6 14. O-O-O b5 15. Qg3 Be6 16. b3 Qf6 17. f4 Kc8 18. Qf3 Kb7 19. g4 g5 20. e5 Qxf4 21. Qxf4 gxf4 22. exd6 Bxg4 23. Re1 Rae8 24. Bg2 cxd6 25. Ne4 Kc7 26. Nf6 Rxe1+ 27. Rxe1 Be6 28. Re4 Ne5 29. Kd2 Ng6 30. Nh5 Bd5 0-1

[Event "27th Klatovy B 2019"]
[Site "Klatovy CZE"]
[Date "2019.07.02"]
[Round "4.16"]
[White "Rezac, Jindrich"]
[Black "Kovar, Vaclav 1953"]
[Result "1-0"]
[WhiteElo "1787"]
[BlackElo "1646"]
[PlyCount "76"]
[EventDate "2019.06.29"]
[EventType "swiss"]
[EventRounds "9"]
[EventCountry "CZE"]

1. e4 e5 2. Nf3 Nc6 3. d4 exd4 4. Bc4 Be7 5. O-O d6 6. Nxd4 Nf6 7. Nc3 O-O 8. Re1 a6 9. a4 Ne5 10. Bb3 c6 11. h3 h6 12. Be3 Ng6 13. a5 Nh7 14. f4 Bh4 15. Rf1 Bf6 16. Qh5 Ne7 17. e5 dxe5 18. fxe5 Bg5 19. Bxf7+ Kh8 20. Bf2 Bf4 21. e6 Nf6 22. Qe2 Bc7 23. Ne4 Nfd5 24. c4 Nf4 25. Qe3 c5 26. Nf3 Bxe6 27. Bxe6 Nxe6 28. Rad1 Qe8 29. Nxc5 Nxc5 30. Qxc5 Nc6 31. b4 Qc8 32. Nd4 Nxa5 33. Qd5 Nxc4 34. Ne6 Rf7 35. Bd4 Bb6 36. Nc5 Rxf1+ 37. Rxf1 Ne3 38. Qxb7 Bxc5 1-0

[Event "27th Klatovy B 2019"]
[Site "Klatovy CZE"]
[Date "2019.07.02"]
[Round "4.17"]
[White "Perik, Alois"]
[Black "Soucek, Jan"]
[Result "1/2-1/2"]
[WhiteElo "1809"]
[BlackElo "1543"]
[PlyCount "47"]
[EventDate "2019.06.29"]
[EventType "swiss"]
[EventRounds "9"]
[EventCountry "CZE"]

1. c4 e5 2. Nc3 Nf6 3. g3 d5 4. cxd5 Nxd5 5. Bg2 Nb6 6. d3 Nc6 7. Nf3 Be6 8. O-O Be7 9. Be3 O-O 10. Na4 Nxa4 11. Qxa4 Qd7 12. Rac1 Rfd8 13. Rfe1 f6 14. a3 Nd4 15. Qxd7 Rxd7 16. Nd2 c6 17. Ne4 Nb3 18. Rc3 Rc8 19. Nc5 Nxc5 20. Bxc5 Bxc5 21. Rxc5 Kf7 22. Rec1 Rcd8 23. b4 a6 24. Kf1 1/2-1/2

[Event "27th Klatovy B 2019"]
[Site "Klatovy CZE"]
[Date "2019.07.02"]
[Round "4.18"]
[White "Pucholt, Martin"]
[Black "Vanduyfhuys, Igor"]
[Result "0-1"]
[WhiteElo "1555"]
[BlackElo "1803"]
[PlyCount "110"]
[EventDate "2019.06.29"]
[EventType "swiss"]
[EventRounds "9"]
[EventCountry "CZE"]

1. e4 c5 2. Nf3 g6 3. d4 cxd4 4. Nxd4 Bg7 5. Nc3 Nc6 6. Nde2 Nf6 7. g3 O-O 8. Bg2 d6 9. O-O Be6 10. Nd5 Rc8 11. Bg5 Ne5 12. Nxf6+ exf6 13. Bc1 Bg4 14. f3 Be6 15. b3 f5 16. Rb1 fxe4 17. fxe4 Qc7 18. c4 Qb6+ 19. Kh1 Bxc4 20. Bb2 Bd3 21. Bxe5 Bxe2 22. Qxe2 Bxe5 23. Rfc1 Rc5 24. Rc4 Rfc8 25. Rbc1 Kf8 26. Bf1 R8c6 27. Qd2 Rxc4 28. Bxc4 Kg7 29. Rf1 Rc7 30. Qd5 Bf6 31. a4 Re7 32. Qd3 Rc7 33. Qf3 Qd4 34. Rd1 Qe5 35. Rd5 Qa1+ 36. Rd1 Qe5 37. Rd5 Qe7 38. Qd3 Be5 39. Qf3 h5 40. Rd2 Qg5 41. Rf2 Bd4 42. Rf1 Be5 43. Qd3 h4 44. Rf3 Qh5 45. Kg2 a6 46. Qf1 g5 47. Qe2 f6 48. Qd3 hxg3 49. hxg3 b5 50. axb5 axb5 51. Bxb5 g4 52. Rf2 Qh3+ 53. Kg1 Rc1+ 54. Rf1 Rxf1+ 55. Qxf1 Bd4+ 0-1

[Event "27th Klatovy B 2019"]
[Site "Klatovy CZE"]
[Date "2019.07.02"]
[Round "4.19"]
[White "Beran, Jakub"]
[Black "Novotny, Jaromir"]
[Result "1/2-1/2"]
[WhiteElo "1539"]
[BlackElo "1796"]
[PlyCount "68"]
[EventDate "2019.06.29"]
[EventType "swiss"]
[EventRounds "9"]
[EventCountry "CZE"]

1. c4 c5 2. Nc3 g6 3. d3 Bg7 4. Bd2 Nc6 5. Nf3 Nf6 6. g3 O-O 7. Bg2 d5 8. cxd5 Nxd5 9. O-O Nb6 10. Rc1 c4 11. dxc4 Nxc4 12. b3 Nxd2 13. Qxd2 Qxd2 14. Nxd2 Bg4 15. Nf3 Rac8 16. Rfd1 Rfd8 17. h3 Rxd1+ 18. Nxd1 Be6 19. Ne3 Nb4 20. Rxc8+ Bxc8 21. a3 Na6 22. Nc4 b6 23. Nce5 Nb8 24. Kf1 Kf8 25. Ke1 h6 26. Kd2 Bb7 27. Nc4 Nd7 28. Ne1 Bxg2 29. Nxg2 Nc5 30. b4 Ne4+ 31. Ke3 Nc3 32. Nf4 Ke8 33. Nd3 e6 34. Nde5 Bf8 1/2-1/2

[Event "27th Klatovy B 2019"]
[Site "Klatovy CZE"]
[Date "2019.07.02"]
[Round "4.20"]
[White "Flajsman, Zdenek"]
[Black "Blazek, Pavel 1974"]
[Result "1/2-1/2"]
[WhiteElo "1503"]
[BlackElo "1745"]
[PlyCount "64"]
[EventDate "2019.06.29"]
[EventType "swiss"]
[EventRounds "9"]
[EventCountry "CZE"]

1. e4 Nc6 2. Nf3 d6 3. Bb5 Bg4 4. h3 Bh5 5. d4 a6 6. Bxc6+ bxc6 7. Qd3 Nf6 8. Bg5 Bg6 9. Nbd2 e6 10. O-O Be7 11. Qc4 Qd7 12. Rfe1 O-O 13. e5 Nd5 14. Bxe7 Nxe7 15. Nh4 Rfb8 16. Nxg6 Nxg6 17. Qc3 Rb5 18. Nc4 Rab8 19. b3 c5 20. Rad1 cxd4 21. Qxd4 d5 22. Rd3 c5 23. Qe3 Qc7 24. Nd6 R5b6 25. c4 d4 26. Qg3 Qe7 27. f4 Nh4 28. Qg4 Ng6 29. g3 f5 30. Qf3 a5 31. h4 Ra6 32. h5 Nh8 1/2-1/2

[Event "27th Klatovy B 2019"]
[Site "Klatovy CZE"]
[Date "2019.07.02"]
[Round "4.21"]
[White "Skuthan, Radek"]
[Black "Day, Timothy"]
[Result "0-1"]
[WhiteElo "1702"]
[BlackElo "1527"]
[PlyCount "50"]
[EventDate "2019.06.29"]
[EventType "swiss"]
[EventRounds "9"]
[EventCountry "CZE"]

1. c4 g6 2. Nc3 Bg7 3. g3 d6 4. Bg2 f5 5. Nf3 e5 6. d3 Nf6 7. O-O O-O 8. Rb1 a5 9. a3 Qe8 10. Qc2 a4 11. Bd2 h6 12. Nd5 Na6 13. Rfc1 Nxd5 14. cxd5 Nc5 15. Bb4 e4 16. dxe4 fxe4 17. Ne1 e3 18. Bxc5 exf2+ 19. Bxf2 Rxf2 20. Kxf2 Bd4+ 21. e3 Qxe3+ 22. Kf1 Bf5 23. Qxf5 gxf5 24. Rc2 Re8 25. Nf3 Qd3+ 0-1

[Event "27th Klatovy B 2019"]
[Site "Klatovy CZE"]
[Date "2019.07.02"]
[Round "4.23"]
[White "Spackova, Martina 1992"]
[Black "Pecka, Jan"]
[Result "0-1"]
[WhiteElo "1688"]
[BlackElo "1537"]
[PlyCount "46"]
[EventDate "2019.06.29"]
[EventType "swiss"]
[EventRounds "9"]
[EventCountry "CZE"]

1. e4 c5 2. Nf3 d6 3. d4 cxd4 4. Nxd4 Nf6 5. Nc3 g6 6. Be2 Bg7 7. Be3 O-O 8. Qd2 Nc6 9. Nxc6 bxc6 10. Bh6 Bxh6 11. Qxh6 Rb8 12. Rb1 Qa5 13. h4 Rxb2 14. Kf1 Qxc3 15. Re1 Rxc2 16. h5 Be6 17. hxg6 fxg6 18. g4 Rf7 19. Rh3 Qd2 20. Qh4 Nxg4 21. Rd3 Qxd3 22. Bxd3 Rfxf2+ 23. Kg1 Rg2+ 0-1

[Event "27th Klatovy B 2019"]
[Site "Klatovy CZE"]
[Date "2019.07.02"]
[Round "4.24"]
[White "Vavrinek, Tomas"]
[Black "Langmajer, Jan"]
[Result "0-1"]
[WhiteElo "1686"]
[BlackElo "1514"]
[PlyCount "64"]
[EventDate "2019.06.29"]
[EventType "swiss"]
[EventRounds "9"]
[EventCountry "CZE"]

1. b4 e5 2. Bb2 Bxb4 3. Bxe5 Nf6 4. Nf3 d6 5. Bb2 Nc6 6. e3 O-O 7. c3 Ba5 8. d4 Bf5 9. Bd3 Bxd3 10. Qxd3 Re8 11. Nbd2 d5 12. O-O Ne4 13. Nb3 Bb6 14. c4 Nb4 15. Qe2 dxc4 16. Qxc4 Nd5 17. Rad1 Nxf2 18. Rxf2 Nxe3 19. Qd3 Nxd1 20. Qxd1 f6 21. Rd2 Qd5 22. Kh1 Re3 23. Bc1 Rae8 24. Rf2 R3e6 25. h3 c5 26. Ba3 cxd4 27. Rd2 Re4 28. Nbxd4 Ba5 29. Qa4 Bxd2 30. Nxd2 Re1+ 31. Kh2 Qe5+ 32. g3 Qe2+ 0-1

[Event "27th Klatovy B 2019"]
[Site "Klatovy CZE"]
[Date "2019.07.02"]
[Round "4.25"]
[White "Malimanek, Marek"]
[Black "Vavrousek, Petr"]
[Result "1-0"]
[WhiteElo "1408"]
[BlackElo "1686"]
[PlyCount "101"]
[EventDate "2019.06.29"]
[EventType "swiss"]
[EventRounds "9"]
[EventCountry "CZE"]

1. e4 e6 2. d4 d5 3. e5 c5 4. c3 Nc6 5. Nf3 Bd7 6. a3 Rc8 7. Bd3 cxd4 8. cxd4 Qb6 9. Bc2 g5 10. Nc3 g4 11. Na4 Qc7 12. Nh4 Nxe5 13. dxe5 Qxc2 14. Qxc2 Rxc2 15. Nc3 d4 16. Ne2 Be7 17. g3 Bc5 18. Nf4 Bc6 19. O-O Bb5 20. Rd1 Ne7 21. b4 Bb6 22. a4 Bc6 23. b5 Bd5 24. Nh5 Ng8 25. a5 Bc5 26. Ba3 Bxa3 27. Rxa3 Rc3 28. Rxc3 dxc3 29. Rc1 Ne7 30. Rxc3 a6 31. bxa6 bxa6 32. Rc7 Kd8 33. Ra7 Bc4 34. Nf6 Bb5 35. Ng2 h5 36. Ne4 Rh7 37. Nd6 Bd3 38. Ne1 Be2 39. Nc2 Nc6 40. Nxf7+ Rxf7 41. Rxf7 Nxa5 42. Nd4 Bc4 43. Rh7 Nb3 44. Nxb3 Bxb3 45. Kf1 a5 46. Ke1 a4 47. Kd2 a3 48. Kc3 a2 49. Kb2 Bd5 50. Rxh5 Kd7 51. Rg5 1-0

[Event "27th Klatovy B 2019"]
[Site "Klatovy CZE"]
[Date "2019.07.02"]
[Round "4.26"]
[White "Martinkova, Magdalena"]
[Black "Day, Tobias"]
[Result "0-1"]
[WhiteElo "1359"]
[BlackElo "1680"]
[PlyCount "40"]
[EventDate "2019.06.29"]
[EventType "swiss"]
[EventRounds "9"]
[EventCountry "CZE"]

1. e4 c5 2. Nf3 d6 3. d4 cxd4 4. Nxd4 Nf6 5. Nc3 g6 6. f3 Bg7 7. Be3 O-O 8. Qd2 Nc6 9. g4 Be6 10. O-O-O Nxd4 11. Bxd4 Qa5 12. a3 Rfc8 13. h4 Rab8 14. h5 b5 15. hxg6 hxg6 16. Qg5 d5 17. Nxd5 Bxd5 18. Bxf6 Bxf6 19. Qxd5 Rd8 20. Qb3 Bg5+ 0-1

[Event "27th Klatovy B 2019"]
[Site "Klatovy CZE"]
[Date "2019.07.02"]
[Round "4.27"]
[White "Benes, Jachym"]
[Black "Malik, Zdenek"]
[Result "1-0"]
[WhiteElo "1653"]
[BlackElo "1391"]
[PlyCount "45"]
[EventDate "2019.06.29"]
[EventType "swiss"]
[EventRounds "9"]
[EventCountry "CZE"]

1. e4 c5 2. Nf3 d6 3. d4 cxd4 4. Nxd4 Nf6 5. Nc3 g6 6. Be3 Bg7 7. f3 O-O 8. Qd2 Nc6 9. O-O-O Bd7 10. g4 Rc8 11. h4 Ne5 12. h5 Nc4 13. Bxc4 Rxc4 14. Nde2 Qa5 15. Bh6 Bxh6 16. Qxh6 g5 17. Nd5 Nxd5 18. Rxd5 Qxd5 19. exd5 f6 20. b3 Rcc8 21. f4 gxf4 22. Qxf4 Rf7 23. h6 1-0

[Event "27th Klatovy B 2019"]
[Site "Klatovy CZE"]
[Date "2019.07.02"]
[Round "4.28"]
[White "Kubat, Zbynek"]
[Black "Gacho, Ondrej"]
[Result "1-0"]
[WhiteElo "1612"]
[BlackElo "1384"]
[PlyCount "79"]
[EventDate "2019.06.29"]
[EventType "swiss"]
[EventRounds "9"]
[EventCountry "CZE"]

1. e4 e5 2. Nf3 Nc6 3. Bc4 Bc5 4. c3 Nf6 5. d3 O-O 6. O-O d5 7. exd5 Nxd5 8. Re1 Re8 9. Nbd2 Bf5 10. Ne4 Nf4 11. Bxf4 exf4 12. Nxc5 b6 13. Ne4 Na5 14. Bb3 Qd7 15. Neg5 Nxb3 16. Qxb3 h6 17. Ne5 Qe7 18. Ngf3 Be6 19. Qb4 Qf6 20. Qb5 Re7 21. Nc6 Ree8 22. Qe5 Qg6 23. Qe4 Qf6 24. Qe5 Qg6 25. Qxf4 Qxd3 26. Ncd4 Bd5 27. Qf5 Be4 28. Qb5 Qxb5 29. Nxb5 Re7 30. Nd2 c6 31. Nd6 Rd8 32. N2xe4 Re6 33. g4 Rd7 34. f3 Rde7 35. Kf2 Kf8 36. Rad1 b5 37. Nc8 Re8 38. Ned6 Rd8 39. Rxe6 fxe6 40. Re1 1-0

[Event "27th Klatovy B 2019"]
[Site "Klatovy CZE"]
[Date "2019.07.02"]
[Round "4.29"]
[White "Vorsilka, Jiri"]
[Black "Veverkova, Dorota"]
[Result "1-0"]
[WhiteElo "1568"]
[BlackElo "1348"]
[PlyCount "55"]
[EventDate "2019.06.29"]
[EventType "swiss"]
[EventRounds "9"]
[EventCountry "CZE"]

1. e4 c6 2. d4 d5 3. exd5 cxd5 4. Bd3 Nf6 5. c3 Nc6 6. Bf4 g6 7. Nf3 Bg7 8. O-O O-O 9. Nbd2 Bf5 10. Bxf5 gxf5 11. Ne5 e6 12. Bg5 Qc7 13. f4 Kh8 14. Bxf6 Bxf6 15. Qh5 Bxe5 16. fxe5 Rg8 17. Rf3 Rg6 18. Rh3 f6 19. Qxg6 Rg8 20. Qxf6+ Qg7 21. Rg3 Qxf6 22. Rxg8+ Kxg8 23. exf6 Kf7 24. Nf3 Kxf6 25. Re1 h6 26. Ne5 a6 27. Nxc6 bxc6 28. Kf2 1-0

[Event "27th Klatovy B 2019"]
[Site "Klatovy CZE"]
[Date "2019.07.02"]
[Round "4.30"]
[White "Vojir, Vaclav 2005"]
[Black "Simacek, Vaclav"]
[Result "0-1"]
[WhiteElo "1337"]
[BlackElo "1809"]
[PlyCount "62"]
[EventDate "2019.06.29"]
[EventType "swiss"]
[EventRounds "9"]
[EventCountry "CZE"]

1. e4 Nc6 2. d4 d5 3. exd5 Qxd5 4. Nf3 Bg4 5. Nc3 Qh5 6. Be2 O-O-O 7. h3 e5 8. d5 e4 9. Nd4 Bxe2 10. Qxe2 Qxe2+ 11. Ndxe2 Nb4 12. Kd2 Nf6 13. a3 Nbxd5 14. Nxd5 Nxd5 15. Nc3 Nb4+ 16. Ke2 Nxc2 17. Rb1 Nd4+ 18. Ke3 Bc5 19. Nxe4 Rhe8 20. b4 Nc2+ 21. Kf3 Bd4 22. g4 g6 23. Ng5 Ne1+ 24. Kg3 Re2 25. Be3 Bxe3 26. fxe3 Rxe3+ 27. Kf2 Nc2 28. Rhd1 Red3 29. Rxd3 Rxd3 30. Nxh7 Nxa3 31. Ng5 Nxb1 0-1

[Event "27th Klatovy B 2019"]
[Site "Klatovy CZE"]
[Date "2019.07.02"]
[Round "4.31"]
[White "Kaspar, Lukas"]
[Black "Chmelik, Benedikt"]
[Result "1/2-1/2"]
[WhiteElo "1886"]
[BlackElo "1558"]
[PlyCount "59"]
[EventDate "2019.06.29"]
[EventType "swiss"]
[EventRounds "9"]
[EventCountry "CZE"]

1. e4 e6 2. d4 d5 3. exd5 exd5 4. Bd3 Bd6 5. Ne2 Ne7 6. O-O O-O 7. Bf4 Bf5 8. Nbc3 c6 9. Re1 Bxd3 10. Qxd3 Ng6 11. Bxd6 Qxd6 12. Ng3 Na6 13. Nd1 Nc7 14. Ne3 Ne6 15. c3 Rfe8 16. Qc2 Qc7 17. Rad1 Rad8 18. Ng4 Re7 19. Nf5 Ree8 20. Ng3 Rd7 21. Re3 Nh4 22. Rde1 Rde7 23. Nf5 Nxf5 24. Qxf5 Nf8 25. g3 Rxe3 26. Rxe3 Rxe3 27. Nxe3 Qd7 28. Kg2 g6 29. Qe5 Qe6 30. Qxe6 1/2-1/2

[Event "27th Klatovy B 2019"]
[Site "Klatovy CZE"]
[Date "2019.07.02"]
[Round "4.32"]
[White "Macho, Miloslav"]
[Black "Valdman, Jakub"]
[Result "1-0"]
[WhiteElo "1745"]
[BlackElo "1191"]
[PlyCount "117"]
[EventDate "2019.06.29"]
[EventType "swiss"]
[EventRounds "9"]
[EventCountry "CZE"]

1. e4 e5 2. Nf3 Nc6 3. Nc3 d6 4. Bb5 Bg4 5. h3 Bd7 6. O-O Nf6 7. Re1 Be7 8. Nd5 O-O 9. Nxe7+ Qxe7 10. d3 h6 11. c3 a6 12. Ba4 Rad8 13. d4 b5 14. Bc2 Na5 15. b3 Nb7 16. Qe2 Rfe8 17. Ba3 c5 18. d5 Ra8 19. Bc1 Rec8 20. Bd3 Na5 21. Nd2 Qd8 22. Qf1 Qb6 23. Kh2 Nh5 24. g3 Qd8 25. Be2 Nf6 26. f4 Qe7 27. Bb2 exf4 28. Qxf4 Re8 29. Bf1 g5 30. Qf3 Qe5 31. Rab1 g4 32. Qf4 Qxf4 33. gxf4 c4 34. Ba3 cxb3 35. axb3 Nb7 36. hxg4 Nxg4+ 37. Kg3 f5 38. Bd3 Nf6 39. c4 fxe4 40. Nxe4 Nxe4+ 41. Bxe4 Rec8 42. Kf3 bxc4 43. bxc4 Na5 44. Rg1+ Kf7 45. Bg6+ Kf6 46. Bb2+ Ke7 47. Rbe1+ Kd8 48. Bf6+ Kc7 49. Bd3 Nb3 50. Rg7 a5 51. Bf5 Kb6 52. Bxd7 Rxc4 53. Rb1 Rb4 54. Kg4 a4 55. Bc6 Ra6 56. Rb7+ Kc5 57. Rxb4 Kxb4 58. Be7 Kc5 59. f5 1-0

[Event "27th Klatovy B 2019"]
[Site "Klatovy CZE"]
[Date "2019.07.02"]
[Round "4.33"]
[White "Vnoucek, Pavel"]
[Black "Simunek, Jakub Simon"]
[Result "1-0"]
[WhiteElo "1739"]
[BlackElo "1457"]
[PlyCount "37"]
[EventDate "2019.06.29"]
[EventType "swiss"]
[EventRounds "9"]
[EventCountry "CZE"]

1. d4 d5 2. Nf3 e6 3. Nbd2 c5 4. e3 Nf6 5. c3 cxd4 6. exd4 Bd6 7. Ne5 Qc7 8. f4 b6 9. Bd3 Ba6 10. Bxa6 Nxa6 11. Qa4+ Nd7 12. Qxa6 Nxe5 13. fxe5 Be7 14. Qb5+ Kf8 15. O-O f6 16. Nf3 h5 17. Be3 g5 18. Nxg5 Qc8 19. exf6 1-0